Stolice państw graniczących z Włochami - Statystyki

Ogólne statystyki
  • Ten quiz został rozwiązany 17 razy
  • Średni wynik to 5 z 6
Statystyki odpowiedzi
Stolica % Poprawnych
Paryż
100%
Wiedeń
100%
Berno
93%
San Marino
93%
Watykan
93%
Ljubljana
14%
Nie znaleziono quizów pasujących do podanych kryteriów
Rozkład punktacji
Procent ludzi z każdym wynikiem
Percentyl według liczby udzielonych odpowiedzi
Twoja historia wyników
Nie rozwiązałeś tego quizu